Sharing Innovative Experiences:examples of successful initiatives in agriculture and rural develpment in the south (Record no. 6836)

MARC details
000 -LEADER
fixed length control field 00546nam a22001817a 4500
003 - CONTROL NUMBER IDENTIFIER
control field OSt
005 - DATE AND TIME OF LATEST TRANSACTION
control field 20210322124814.0
008 - FIXED-LENGTH DATA ELEMENTS--GENERAL INFORMATION
fixed length control field 210322b ||||| |||| 00| 0 eng d
040 ## - CATALOGING SOURCE
Transcribing agency DDC
082 ## - DEWEY DECIMAL CLASSIFICATION NUMBER
Classification number 630 SHA 2001
100 ## - MAIN ENTRY--PERSONAL NAME
Personal name Ohiorhenuan, John
9 (RLIN) 14014
245 ## - TITLE STATEMENT
Title Sharing Innovative Experiences:examples of successful initiatives in agriculture and rural develpment in the south
Remainder of title Vol.5
260 ## - PUBLICATION, DISTRIBUTION, ETC. (IMPRINT)
Place of publication, distribution, etc. USA;
Name of publisher, distributor, etc. UNDP,
Date of publication, distribution, etc. 2001
300 ## - PHYSICAL DESCRIPTION
Extent vi,354p; ill:23cm
504 ## - BIBLIOGRAPHY, ETC. NOTE
Bibliography, etc References included
650 ## - SUBJECT ADDED ENTRY--TOPICAL TERM
Topical term or geographic name as entry element Agriculture
9 (RLIN) 4591
942 ## - ADDED ENTRY ELEMENTS (KOHA)
Source of classification or shelving scheme Other/Generic Classification Scheme
Koha item type Open Shelf
Holdings
Withdrawn status Lost status Source of classification or shelving scheme Damaged status Not for loan Home library Current library Date acquired Source of acquisition Inventory number Total Checkouts Full call number Barcode Date last seen Koha item type
    Dewey Decimal Classification     MUST Main Library MUST Main Library 22/03/2021 Purchase 02/16952   630 SHA 2001 2021-0300 22/03/2021 Open Shelf